|
|
|
|
| LEADER |
00000nam a22000007a 4500 |
| 005 |
2019041106206.0 |
| 007 |
cr|||| |||| |
| 008 |
190411s2018 mx |||||s|||| 00||0 spa d |
| 020 |
|
|
|a 978-607-8156-98-6
|
| 035 |
|
|
|a 23138
|
| 040 |
|
|
|a vLex
|
| 090 |
|
|
|c 8594
|d 8594
|
| 100 |
1 |
|
|a ℓlvarez Montero, Jos ̌Lorenzo
|
| 245 |
1 |
0 |
|a Contrato Social y Proyecto de Nacin̤
|h [Recurso electrn̤ico] :
|b Presidencialismo Democrt̀ico /
|c Jos ̌Lorenzo ℓlvarez Montero
|
| 256 |
|
|
|a Servicio en ln̕ea
|
| 260 |
|
|
|a Veracruz:
|b Universidad de Xalapa,
|c 2018
|
| 300 |
|
|
|a 1 recurso electrn̤ico
|
| 506 |
1 |
|
|a Disponible solo en los productos indicados
|d vLex Global
|d vLex Global (Academic Edition, excluding Law Schools)
|d vLex Global (U.S. Academic Edition, Law Schools)
|d vLex Global (U.S. Academic Edition, excluding Law Schools)
|d vLex Global (Academic Edition, Law Schools)
|
| 650 |
0 |
4 |
|a Derecho Constitucional
|z Mx̌ico
|
| 740 |
0 |
|
|a vLex Libros (Servicio en ln̕ea)
|
| 856 |
4 |
0 |
|u http://vlex.com/source/contrato-social-y-proyecto-de-nacion-presidencialismo-democratico-23138
|z Acceso restringido
|
| 942 |
|
|
|c BOOK
|
| 999 |
0 |
|
|a Constitutional right
|